[Event "42nd Olympiad"]
[Site "Baku"]
[Date "2016.09.06"]
[Round "5.39"]
[White "Ortiz Suarez , Isan Reynaldo"]
[Black "Lesiege, Alexandre"]
[Result "0-1"]
[WhiteElo "2581"]
[BlackElo "2512"]
[Annotator "John Upper"]
[PlyCount "184"]
[EventDate "2016.09.02"]
[EventType "team-swiss"]
[EventRounds "11"]
[EventCountry "AZE"]
[SourceTitle "Chess Canada 2016Olympia"]
[Source "CFC"]
[SourceDate "2016.12.01"]
[WhiteClock "0:00:44"]
[BlackClock "0:01:50"]

1. e4 e5 {A closed maneuvering game with the first pawn exchange on move 34 (!)
turns into an equal 4-rook ending... which White misplays while hoping for
winning chances.} 2. Nf3 Nc6 3. Bc4 Bc5 4. O-O Nf6 5. d3 d6 6. c3 a6 7. a4 Ba7
8. Na3 {[#]} O-O (8... Ne7 9. Nc2 O-O 10. Be3 Bxe3 11. Nxe3 Ng6 12. a5 Ng4 13.
h3 Nxe3 14. fxe3 Qe7 15. Qb3 c6 16. d4 Be6 17. Bxe6 fxe6 18. Rad1 Rae8 19. Qb4
exd4 20. cxd4 e5 21. dxe5 $1 dxe5 22. Qxe7 Rxe7 23. Rd6 $14 {1-0 (38) Carlsen,
M (2855)-Anand,V (2770) Leuven, 2016.}) 9. Bg5 Qe7 (9... h6 10. Bh4 g5 11. Bg3
Bg4 12. Nc2 d5 13. exd5 Nxd5 14. d4 exd4 15. cxd4 Bh5 (15... Nf4 $5) 16. Ra3
Kh8 17. Qd2 f5 $2 18. Be5+ (18. Bxd5 $1 Qxd5 19. Nxg5 $3 f4 20. Nh3 $1 $18)
18... Nxe5 19. Nxe5 {(½-½, 45) Dragun,K (2594)-Gajewski,G (2633) Poznan,
2016.}) 10. Bb3 h6 11. Bh4 Be6 12. Nc4 Nb8 13. Ne3 Bxe3 14. fxe3 Nbd7 15. Bc2
a5 16. Qe2 Qe8 17. Nd2 Nh7 18. d4 f6 19. Bb3 {[#]After the exchange of light
square Bs Black's position will be solid but inflexible. White has problems
finding something for his B to do.} Bxb3 20. Nxb3 Nb6 21. Nd2 Kh8 (21... Nxa4
$4 22. Qc4+ $18) 22. b3 Qg6 23. Rae1 Rfe8 24. h3 Nf8 25. Kh2 Nfd7 26. Bg3 {[#]}
c6 {This gives White a way to activate his dark-square B with an eventual
c4-c5; in return, that will concede the e5 square to a Black N.} 27. Qf3 Re7
28. c4 Nf8 29. Qd1 Nbd7 30. Qa1 Nh7 31. h4 Qg4 32. Qd1 Qxd1 33. Rxd1 $11 Nhf8
34. Nb1 {[#] The first pawn capture of the game!} exd4 (34... Ne6 35. dxe5 $4
dxe5 $19 {and a Nc5 will pick White's pawns apart.}) 35. Rxd4 (35. exd4 Rxe4
36. Nc3 Re3 37. Rf3 $11) 35... Ne5 36. Kh3 $6 (36. Rxd6 Ng4+ 37. Kg1 Nxe3 38.
Re1 Rxe4 39. Nd2 Ree8 40. Rd3 Nf5 41. Rxe8 Rxe8 42. Bf2 $15) 36... Ne6 37. Rxd6
{Diagram [#]} Nc5 $2 {Missing a chance to win a pawn.} (37... Nf7 $1 38. Rdd1 (
38. Rd3 Nc5 {also wins a pawn.}) 38... Nc5 39. Nd2 Rd8 $17 {will win the
b3-pawn as White can't allow Black to double on the d-file.}) 38. Nd2 $11 Rae8
(38... Nf7 39. Rd4) 39. Rf5 Kg8 40. Rd4 Kf7 41. Rf1 h5 42. Bf4 Kg6 43. Kg3 Kh7
44. Rd1 Nf7 45. Kf2 Ne5 (45... g5 $5) 46. Ke2 {Diagram [#]Black's minor pieces
are more active than White's, but there's no way to increase that advantage or
turn it into material... and although it can't go anywhere, White is still up
a pawn.} Rg8 47. Rh1 Rge8 48. Rb1 Nf7 49. Rd1 Ne5 50. Rf1 Kg6 51. Bg3 Ra8 52.
Rd1 Rae8 53. Bh2 Kh7 54. Bf4 Kg6 55. Rb1 Nf7 56. Rg1 Ne5 57. Rd1 Nf7 58. Rb1
Ne5 59. Rg1 Kh7 60. Bg3 Kg6 61. Rb1 Nf7 62. Bh2 Ne5 63. Nf3 Nf7 64. Nd2 Ne5 65.
Rf1 Ra8 66. Bg3 Nf7 67. Bd6 Nxd6 68. Rxd6 Nxe4 69. Nxe4 Rxe4 70. Rf4 Re7 71.
Rfd4 Rae8 72. Rd3 {Diagram [#] A "dead drawn" rook ending? Yes... if both
players know how to play it.} Kf5 73. Kf3 g5 74. g3 Re5 75. Rd7 b5 76. cxb5
cxb5 77. R7d5 bxa4 78. bxa4 (78. e4+ $1 Kg6 79. Rxe5 Rxe5 80. bxa4 $11) 78...
g4+ 79. Ke2 Rb8 {Diagram [#]} 80. Rxe5+ $4 {Not the sort of mistake you'd
expect from a 2580 GM, but at this point White knew he had to play for a win
to draw the match. Every other reasonable move draws.} fxe5 $1 {Suddenly it's
a fairly simple technical win: Black now has the more active K, and more
active R, and targets on e3 and g3, and (sitting on g4) the furthest advanced
pawn.} 81. Rd5 (81. Rc3 Ke4 $1 82. Rc4+ Kd5 83. Kd3 (83. Rc2 Rb4 $19) 83...
Rb3+ 84. Rc3 Rxc3+ 85. Kxc3 Ke4 $19) 81... Ke4 82. Rxa5 Rb2+ 83. Kd1 Rg2 84.
Rb5 Rxg3 85. Rb4+ Kf3 86. Rb5 {[#]} Rh3 (86... e4 87. Rxh5 Kxe3 {also wins.})
87. Rxe5 Rxh4 88. Kd2 g3 89. Rf5+ Kg4 90. Rf8 Kh3 91. Rg8 g2 92. Ke2 Rg4 0-1

[Event "42nd Olympiad"]
[Site "Baku"]
[Date "2016.09.08"]
[Round "6.5"]
[White "Hansen, Eric"]
[Black "Zhigalko, Andrey"]
[Result "1-0"]
[WhiteElo "2582"]
[BlackElo "2591"]
[Annotator "Eric Hansen"]
[PlyCount "67"]
[EventDate "2016.09.02"]
[EventType "team-swiss"]
[EventRounds "11"]
[EventCountry "AZE"]
[SourceTitle "Chess Canada 2016Olympia"]
[Source "CFC"]
[SourceDate "2016.12.01"]
[WhiteTeam "Canada"]
[BlackTeam "Belarus"]
[WhiteTeamCountry "CAN"]
[BlackTeamCountry "BLR"]

{Belarus was a similar team to us in terms of ranking. They were also
relatively young and well-prepared. Anything could happen} 1. e4 c5 2. Nf3 d6
3. d4 {Already a risky for me, since Zhigalko is a Najdorf specialist, whereas
I normally play 3.Bb5+.} cxd4 4. Nxd4 Nf6 5. Nc3 a6 6. h3 {Diagram [#] 6.h3 is
very fashionable these days, which makes it easier to prepare.} e6 (6... e5 7.
Nde2 (7. Nb3)) 7. g4 Be7 8. g5 Nfd7 9. Be3 b5 (9... Bxg5 10. Nxe6 fxe6 11. Qh5+
g6 12. Qxg5 $16) 10. a3 Bb7 11. h4 Nb6 {Diagram [#]} 12. Qd2 ({More aggressive
would have been} 12. f4 Na4 13. Nxa4 Bxe4 14. Nxb5 O-O 15. Rg1 axb5 16. Nc3 Bc6
17. h5 Nd7 $13 {Oparin,G-Zhigalko,S Jerusalem, 2015.}) 12... N8d7 13. O-O-O Rc8
14. Rh3 (14. Kb1 Qc7 15. Qe1 {The setup I wanted to achieve was: Rh3, Bc1 and
then start to push on the kingside without worrying about Black's queenside
play. Unfortunately, I'm just not in time to achieve it.} Nc4 (15... Ne5 16.
Rh3 Nec4 17. Bc1 O-O 18. h5 {Looks nice for White}) 16. Bc1 $2 Nxa3+ $19) {
Diagram[#]} 14... Qc7 {Black has utilized a flexible move order quite
successfully. I was not comfortable at all here and as a result soon found
myself in serious time trouble.} ({I'd expected something like:} 14... Ne5 15.
Qe1 Nec4 16. Kb1 Nxe3 17. Rxe3 O-O 18. f4 {This was a position I had actuallly
prepared before the game. I never came close to achieving it since Black
didn't help me out by playing ...Ne5 and ...0-0.}) 15. h5 {Just drifting here
as I didn't see anything else.} (15. Kb1 Nc4 16. Bxc4 Qxc4 17. Nb3 b4 18. axb4
Qxb4 {Black should be preferred with the two bishops, although in retrospect
maybe I should have bailed out and gone for it; e.g.} 19. Qd4 Qxd4 20. Rxd4 f6
{White has nothing to complain about.}) 15... Nc4 16. Bxc4 Qxc4 {Diagram [#]
It is fair to say Black has won the opening phase decisively. By withholding
castling Black has left me without a constructive way to attack, and therefore
my developmental advantage is insignificant. Black can enjoy the two bishops
and natural queenside play.} 17. Rdh1 $6 {A poor and unnatural move which
shows my discomfort. It was one of those cases where I found myself wishing I
was playing Black in this position rather than working hard at the board to
fight it out.} ({Pefectly playable was} 17. Rg3 {[%cal Gg5g6]} b4 (17... g6 18.
Nb3 (18. Rh3 $5) 18... b4 19. axb4 Qxb4 20. Qe2 $13) 18. axb4 Qxb4 19. g6 hxg6
20. hxg6 Bf6 (20... Ne5 21. gxf7+ Kxf7 22. Bg5 Nc4 23. Qf4+ Ke8 (23... Bf6 $2
24. Nb3 $18) 24. Nb3 $16) 21. gxf7+ Kxf7 22. Bg5 Qxd4 23. Qxd4 Bxd4 24. Rxd4
Rh1+ 25. Kd2 Rc6 26. Rb4 Bc8 27. Be3 {I'd give a slight preference to White
here.}) 17... b4 $15 {Don't think anybody is going to castle after I've
preemptively doubled my rooks on the h-file.} 18. axb4 Qxb4 19. g6 {Diagram [#]
} h6 $5 {An inaccuracy. Unfortunately I was already in extreme time trouble at
this point.} ({I wasn't happy to play 19.g6 because I didn't think it
threatened anything. I spent the bulk of my time worrying about the more
direct...} 19... Ne5 $5 20. gxf7+ ({Black may have been worried about} 20. h6 {
but} {Black maintains a comfortable edge with the cool} fxg6 (20... Nc4 $4 21.
hxg7 Rg8 22. gxh7 Qxb2+ 23. Kd1 $18) 21. hxg7 Rg8 22. Nb3 (22. Rxh7 Nc4 $19)
22... Bxe4 23. Nxe4 Qxe4 24. Rxh7 Bf6 $15) 20... Kxf7 21. Qe2 Bf6 $15 (21...
Rxc3 $5)) 20. gxf7+ Kxf7 {Diagram [#]} 21. Rf3+ $2 ({Better is} 21. Rg1 Ne5 22.
Nb3 Bxe4 (22... Nc4 23. Qd4 Bf6 24. Rf3 {Threatening Rxg7} e5 25. Qd3 Nxe3 26.
Qxe3 $14 {A role reversal here as White ends up with an easier attack}) 23.
Rhg3 Rhg8 24. Bd4 Bf5 25. f4 Nc6 26. Rxg7+ Rxg7 27. Rxg7+ Ke8 28. Rg8+ Bf8 (
28... Kd7 $2 29. Nc5+ $1) 29. Bg7 Kf7 30. Rxf8+ Rxf8 31. Bxf8 Kxf8 $15 {
The endgame is better for Black, but with the king positions as they are I
think White retains excellent chances to hold if queens stay on the board.})
21... Bf6 $17 {Now I can't stop ...Ne5-c4 while my pieces also look sloppy. In
truth, this was all based on a miscalculation.} 22. Rg1 Ne5 {Diagram [#]
Honestly, I was about to resign here. The threats of ...Nc4 and ...Nxf3, plus
the utter disgust I had with myself for failing to generate any play had built
up to a climax. Everything I calculated seemed to fail. However, with 3
seconds on my clock I changed my mind...} 23. Qe2 ({My original intention was} 
23. Rxg7+ Kxg7 24. Rxf6 Kxf6 25. Nd5+ exd5 26. Qxb4 {which would be totally
winning, except I'd missed} Nd3+ $8 $19 {Oops.}) ({My second, and better, try
was} 23. Rxf6+ gxf6 24. f4 Nc4 25. Rg7+ {Analysis Diagram [#]} {But I
overlooked this:} Ke8 ({During the game I had hoped for this:} 25... Kxg7 26.
Qg2+ Kf8 (26... Kf7 27. Qg6+ Ke7 28. Qg7+ Ke8 29. Qxh8+ Ke7 30. Qh7+ Ke8 $11)
27. Nxe6+ Ke8 ({Not} 27... Ke7 $4 28. Qg7+ Kxe6 29. f5+ Ke5 30. Qe7#) 28. Qg6+
Kd7 29. Qf7+ Kc6 $19 {Turns out Black is winning here, but it certainly looked
appealing to my thin calculation.}) {I missed this move until I thought about
the position a few moves later. White is desperately trying to get Black's
king in range of the knight on c3} 26. Re7+ (26. Qg2 $2 Qxb2+ 27. Kd1 Nxe3+ $19
) 26... Kf8 $1 (26... Kxe7 $2 27. Nd5+ $8 Bxd5 28. Qxb4 Bxe4 29. Bf2 Rhg8 30.
b3 e5 $13) 27. Nxe6+ Kxe7 28. Nd5+ Bxd5 29. Qxb4 a5 $3 $19 {and Black gets an
extra piece out of the trades compared to the ....Kxe7 line.}) 23... Nxf3 24.
Qxf3 {[#] It was a team game after all, so this was not the time to feel sorry
for myself. I managed to reset my brain and made it my goal to make this
conversion as dificult as possible for Black.} Ke7 ({I realized my position
was not without chances when I saw the following variation} 24... Rxc3 $2 25.
bxc3 Qa3+ (25... Qxc3 26. Rxg7+ Kxg7 27. Bxh6+ Rxh6 28. Qxc3 $18) 26. Kd2 Rc8
$2 27. Rxg7+ $1 Kxg7 28. Nxe6+ Kf7 29. Bd4 $1 Kxe6 30. Qf5+ $1 $18) 25. Nce2 {
Black's technical task isn't too easy because until his king is safe he needs
to keep his bishop on f6 to hold the g7-pawn. That means Black doesn't have
any clear way of trading off White's more active minor pieces.} Rhe8 26. Qg4
Kd7 {At this point Zhigalko was getting low on time himself, but he was on the
right path to victory...} 27. Kb1 {Diagram [#]} Kc7 $4 ({A simple plan would be
} 27... a5 {followed by moves such as ...a4 and ...Rb8, and I don't see how
White can hold. I have no threats.}) 28. e5 $18 {I had seen this shot a few
moves back when I was desperately looking for tricks to get myself mentally
back in the game. White threatens exf6 and Nxe6+ with an attack on the
undefended Qb4, so White wins a piece.} ({Andrey had calculated} 28. Nxe6+ Kb8
29. N2d4 {Where Black's king is safe and White's position overextended for the
cost of a pawn. Now ...a5-a4 would be a very natural and strong attack.}) 28...
Kd7 29. exf6 gxf6 30. Qg7+ Re7 31. Qxf6 Bd5 32. Nf4 Rb8 33. Qxe7+ Kxe7 34.
Nxd5+ {What can I say -- I got very lucky. I only woke up and got into a
healthy frame of mind after I got a losing position.  This game ended up being
the tie-breaker: we drew on the other three boards and so won the match 2.5 -
1.5.} 1-0

[Event "42nd Olympiad"]
[Site "Baku"]
[Date "2016.09.09"]
[Round "7.1"]
[White "Eljanov, Pavel"]
[Black "Bareev, Evgeny"]
[Result "0-1"]
[WhiteElo "2739"]
[BlackElo "2675"]
[Annotator "John Upper"]
[PlyCount "102"]
[EventDate "2016.09.02"]
[EventType "team-swiss"]
[EventRounds "11"]
[EventCountry "AZE"]
[SourceTitle "Chess Canada 2016Olympia"]
[Source "CFC"]
[SourceDate "2016.12.01"]
[WhiteTeam "Ukraine"]
[BlackTeam "Canada"]
[WhiteTeamCountry "UKR"]
[BlackTeamCountry "CAN"]

1. d4 d5 2. c4 c6 3. Nf3 Nf6 4. e3 Bg4 5. Nc3 e6 6. h3 Bxf3 7. Qxf3 Nbd7 8. Bd3
Bb4 9. O-O O-O {[#]In his 2008 Everyman book "Play the Slav", James Vigus
called this line the "Errot", since Black is playing a Torre reversed.} 10. a3
{23 minutes on this move. That's long for a theoretically known position, but
White has a choice of very different middlegames here:} (10. e4 $2 dxc4 {
and White loses one of his center pawns; e.g.} 11. Bxc4 Nb6 12. Qd3 Bxc3 13.
bxc3 Nxc4 14. Qxc4 Nxe4 $17) (10. Qd1 dxc4 11. Bxc4 c5 12. Qb3 cxd4 13. exd4
Qa5 14. Rd1 Rac8 {with an IQP middlegame in Anand,V (2788)-Aronian,L (2768)
Mainz, 2009.}) (10. Bd2 Re8 11. Qd1 Qe7 12. Qb3 dxc4 13. Bxc4 Nb6 14. Be2 Rad8
15. Rad1 Bd6 16. a4 e5 17. a5 Nbd5 $11 {White has the B pair, but couldn't
find anything to do with it:} 18. Bc4 a6 19. Nxd5 cxd5 20. Bxd5 Nxd5 21. Qxd5
exd4 22. Qb3 Bc5 23. exd4 Bxd4 24. Bc3 Bxc3 {½-½ Vallejo Pons,F (2708)-Wang,
H (2713) Pattaya, 2015.}) 10... Ba5 ({Vigus reccomended:} 10... Bxc3 11. bxc3
Qa5 $1 12. Bd2 e5 13. cxd5 cxd5 14. Qd1 Qc7 15. Qb3 e4 16. Be2 Nb6 17. Rfb1
Rab8 $11 {(0-1,43) Gelfand,B (2741)-Henriquez Villagra,C (2511) Baku World Cup,
2015.}) 11. Rd1 {[#]} e5 {29 minutes on this move.} (11... Bxc3 $146 12. bxc3
e5 {it looks foolish to give White the two Bs and then open the center, but
it's the same plan as in the Gelfand game above, and it seems to head to
equality here too:} 13. cxd5 cxd5 14. dxe5 (14. Qg3 e4 15. Bf1 Rc8 $13) 14...
Nxe5 15. Qf5 Nxd3 16. Rxd3 Qb6 $11) 12. cxd5 $1 Bxc3 13. dxc6 $1 {White gives
up a piece for four pawns.} e4 $1 14. Bxe4 Nxe4 15. cxd7 (15. Qxe4 $2 Nf6 16.
Qf3 Ba5 17. cxb7 Rb8 {the b-pawn will drop before White can finish developing.}
) 15... Ng5 16. Qxb7 Ba5 {[#]} 17. Bd2 $6 {Here and at move 19 White might
have been better off avoiding the piece exchanges, since Black's extra pieces
will find themselves cramped as White's pawns move up the board.} (17. f4 $5)
17... Bxd2 18. Rxd2 Qb6 19. Qxb6 (19. Qd5 h6 20. Rc1 $13 {again, keeps more
pieces on.}) 19... axb6 20. Rc2 Ne4 21. Rac1 Nf6 22. Rc7 Rab8 {[#]White has
four pawns for the N, though the d7-pawn can't be saved.} 23. a4 (23. f3 Rfd8
24. e4 Rxd7 25. Rxd7 Nxd7 26. Rc7 $44) 23... Rfd8 24. b4 Kf8 (24... Rxd7 25.
Rxd7 Nxd7) 25. a5 {[#]} Ke7 ({Black can avoid giving White the protected
passer by trading on a5 now; but that trade would also reduce the number of
targets that the Black pieces can attack:} 25... bxa5 26. bxa5 Ke7 27. Ra7 Rxd7
28. Rcc7 {Black is nominally better, but it's hard to imagine White losing
this so long as he keeps one R active.}) 26. a6 Nd5 27. Rc8 (27. R7c4 b5 $1 28.
Rc8 Kxd7 29. R8c5 $13) 27... Kxd7 $8 28. Rxb8 $2 $17 (28. R8c6 $142 $11) 28...
Rxb8 29. b5 {[#]A position Black had to correctly assess at move 25.} Rc8 30.
Rb1 (30. Rxc8 Kxc8 $19 {and the N wins the b-pawn.}) 30... Rc4 $1 31. Rb3 (31.
e4 Nc7 32. Ra1 Rxd4) 31... Nc7 32. Ra3 Rb4 33. a7 Na8 $19 {[#]} 34. d5 Rb1+ 35.
Kh2 Rxb5 36. e4 Ra5 37. Rf3 Ke8 38. Rc3 Kd8 39. d6 Rxa7 40. e5 b5 41. f4 b4 42.
Rc5 Rb7 43. Ra5 {[#]Critical Position} Nc7 $8 $19 (43... Nb6 $6 44. Rb5 $8 $17
Kd7 45. Rxb4 f6 $17 {this is probably winning, but not as clearly as the R
ending in the game.}) (43... Rb8 $2 44. Ra7 b3 45. Rxf7 Rb6 $8 (45... b2 $4 46.
Rf8+ $18) 46. Ra7 (46. Rf8+ Kd7 47. Rxa8 b2 48. Ra7+ Kc8 49. Rc7+ Kd8 (49...
Kb8 $4 50. Rc3 b1=Q 51. d7 $18) 50. e6 Rxd6 $8 51. Rb7 $11) 46... b2 47. Rxa8+
Kd7 48. Ra7+ Ke6 49. Re7+ $8 (49. d7 Ke7 $19) 49... Kf5 50. d7 Rb8 $8 51. Rf7+
Ke6 52. d8=Q (52. d8=N+ $4 Kd5 53. e6 b1=Q 54. e7 Qe4 $19) 52... Rxd8 53. Rb7
Rd2 $11) 44. dxc7+ Kxc7 45. Kg3 b3 46. Ra1 Kc6 47. f5 b2 48. Rb1 Kd5 49. f6 (
49. Kf4 Rb4+ {and Black takes the pawns.}) 49... gxf6 50. exf6 Ke4 51. Kh4 Rb5
$1 {Cutting off the K stops White from even dreaming about a race.} 0-1

[Event "42nd Olympiad"]
[Site "Baku"]
[Date "2016.09.09"]
[Round "7.4"]
[White "Hansen, Eric"]
[Black "Volokitin, Andrei"]
[Result "0-1"]
[WhiteElo "2582"]
[BlackElo "2647"]
[Annotator "John Upper"]
[PlyCount "104"]
[EventDate "2016.09.02"]
[EventType "team-swiss"]
[EventRounds "11"]
[EventCountry "AZE"]
[SourceTitle "Chess Canada 2016Olympia"]
[Source "CFC"]
[SourceDate "2016.12.01"]
[WhiteTeam "Canada"]
[BlackTeam "Ukraine"]
[WhiteTeamCountry "CAN"]
[BlackTeamCountry "UKR"]

1. e4 c5 2. Nf3 d6 3. Bb5+ Nd7 4. c3 Ngf6 5. Qe2 a6 6. Ba4 b5 7. Bc2 Bb7 8. O-O
g6 9. d4 Bg7 {[#]} 10. Rd1 ({A third round game in Baku continued:} 10. Re1 e5
11. a4 O-O 12. dxe5 Nxe5 13. Nxe5 dxe5 14. axb5 axb5 15. Rxa8 Qxa8 16. Na3 $14
{(0-1, 46) Svetushkin,D (2543)-Nepomniachtchi,I (2740) Baku, 2016.}) 10... O-O
11. Nbd2 Rc8 12. d5 c4 13. Nf1 Nc5 14. Ng3 e6 15. dxe6 Nxe6 16. a4 Re8 17. axb5
axb5 18. Ng5 Ra8 19. Rxa8 Bxa8 20. f3 d5 21. e5 Nxg5 22. Bxg5 Qc7 23. f4 Nd7
24. Qf2 Nc5 25. Ne2 Rb8 26. Nd4 {[#] A Bb5-Sicilian has turned into a very
unbalanced middlegame, where White has kingside chances and Black can create
pawn weakness then a passer by attacking c3.} b4 27. Qh4 bxc3 28. bxc3 Ne6 (
28... Ne4 {makes sense, hoping to activate the Ba7.} 29. Bxe4 dxe4 30. Bf6 $11)
29. Bf6 Bxf6 30. Qxf6 Nxd4 31. Rxd4 Rb6 32. Qg5 Rb2 33. Bd1 Bc6 34. h4 {
[#] Critical Position What should Black play: ...Qa5, ...Rb8, or ...Bd7.} Qa5
$4 (34... Rb1 {isn't bad, but it doesn't change much after the calm} 35. Kh2) (
34... Bd7 {is tricky. Black is hoping for counterplay against the white K, and
he'd get it if White takes on d5} 35. Rxd5 $2 h6 $1 36. Qxh6 (36. Qe7 $4 Qa7+
$1 37. Qc5 (37. Kh1 Qf2 38. Bf3 Qf1+ 39. Kh2 Qxf3 $19) 37... Qxc5+ 38. Rxc5 Rb1
39. Rd5 Ba4 $19) 36... Bc6 37. Rd4 Rxg2+ $11) ({But after} 34... Bd7 {so long
as White keeps cool with} 35. Bf3 $1 {Black's position is even more desperate
than before.}) (34... Rb8 $142 {guards the back rank so the black Q can go
after c3 (or defend the dark squares with ...Qd8).} 35. h5 $1 $36 Qd8 36. Qg3
$36 {and White is ready to peel open the black kingside with hxg and f4-f5 or
e5-e6.}) 35. h5 $1 $18 {Obviously the right pawn; f4-f5 threatens f6, which
also creates mating threats on g7, but it also blocks the Q's route to the
back rank.} Bd7 {As good as any; stopping e5-e6, and possibly hoping for ...
Qb6+ forking f6... or maybe encouraging the game blunder.} (35... Qxc3 $2 36.
Qd8+ Kg7 37. h6+ Kxh6 38. Qf8# {Is it possible that Black overlooked this
simple line when playing his previous move?}) 36. Rxd5 $4 {A major move-order
error. White had two winning moves, but this isn't either of them.} (36. h6 $18
Kf8 37. Rxd5 $8 Qc7 (37... Qxd5 $140 38. Qd8+ $18 {winning the Qd5.}) 38. Qf6
$18 {it's not mate, but White can win the h-pawn or continue the attack with
e5-e6.}) (36. Qe7 $1 Rb7 (36... Qc7 37. e6 $1 $18) 37. e6 $18 ({or} 37. Rxd5
$18 Qc7 38. h6)) 36... h6 $8 $13 {Attacks the Q when it has no checks and
creates an escape square on h7.} (36... Rxg2+ 37. Qxg2 $8 $18) (36... Qxd5 {
fails to a mate we saw before.} 37. Qd8+ Kg7 38. h6+ Kxh6 39. Qf8#) 37. Rxa5 (
37. Qxg6+ $143 fxg6 38. Rxa5 Rb1 39. hxg6 $15) 37... hxg5 {[#]} 38. Bf3 $2 (38.
Rd5 $142 $11 {e.g.} Be6 39. Rd8+ Kg7 40. fxg5 gxh5 41. Bxh5 Rc2 42. Rd6 Rxc3
43. g6 $11) 38... g4 $1 39. Bd5 g3 {Instead of White having a coffin nail on
h6, Black has one on g3.} 40. Kf1 (40. Bxc4 Rb1+ 41. Bf1 Bg4 $19 (41... gxh5 $4
42. e6 $8 $11)) 40... Bg4 41. Bf3 Rf2+ 42. Kg1 Rc2 43. Ra8+ Kg7 {[#]} 44. Ra1 (
44. h6+ $1 {prevents Black from getting a useful h-pawn, but the result
shouldn't be any different after} Kxh6 45. Ra1 Kh5 $19) 44... gxh5 45. Bxg4
hxg4 46. f5 Re2 47. e6 fxe6 48. fxe6 Kf6 49. Kf1 Rf2+ 50. Kg1 Kxe6 51. Re1+ Kf5
52. Rf1 Ke4 $8 $19 0-1